| 000 | 00706cam a2200169 4500 | ||
|---|---|---|---|
| 001 | L131350 | ||
| 008 | 050803n2005 000 0 eng u | ||
| 035 | _a(Sirsi) u131350 | ||
| 041 | _aeng | ||
| 245 | _aViolent crime reduction bill | ||
| 260 |
_aLondon _bHMSO _c2005 |
||
| 520 | _aA new Bill before the UK Parliament. Part two covers firearms, and may have some relevance to the sale of antique replica firearms. | ||
| 650 | _aVIOLENT CRIME REDUCTION BILL | ||
| 690 | _aPROPERTY-ARTS AND ANTIQUES-AUCTIONEERING ARTS AND ANTIQUES | ||
| 856 |
_uhttps://www.publications.parliament.uk/pa/cm200506/cmbills/010/2006010.pdf _zView the item free of charge at www.publications.parliament.uk... |
||
| 942 | _n0 | ||
| 999 |
_c104720 _d104720 |
||